|
|
|
|
| LEADER |
00726nta a2200169 i 4500 |
| 001 |
dipl81978 |
| 005 |
20191107111216.0 |
| 008 |
191107s2015 hu om 0|| zxx d |
| 040 |
|
|
|a SZTE Diploma Repozitórium
|b hun
|
| 041 |
|
|
|a zxx
|
| 100 |
1 |
|
|a Andó Judit Eszter
|
| 245 |
1 |
0 |
|a Lakáspolitika, lakáscélú állami támogatások alakulása Magyarországon a kezdetektől napjainkig
|h [elektronikus dokumentum] /
|c Judit Eszter Andó
|
| 246 |
1 |
0 |
|a Housing policy, the development of state housing subsidies in Hungary
|h [elektronikus dokumentum]
|
| 260 |
|
|
|c 2015
|
| 650 |
|
4 |
|a Gazdaságtudományok
|
| 700 |
1 |
|
|a Schneider Klára
|e ths
|
| 856 |
4 |
0 |
|u http://diploma.bibl.u-szeged.hu/id/eprint/81978/1/2015_ando_judit_eszter.pdf
|z Dokumentum-elérés
|